| 000 | 00708nam a2200241Ia 4500 | ||
|---|---|---|---|
| 005 | 20231219113427.0 | ||
| 008 | 131103s9999 xx 000 0 und d | ||
| 020 |
_a415975069 _cGBP 17.99 |
||
| 040 | _aLoreto College | ||
| 041 | _aEnglish | ||
| 082 |
_a302.23 _bSHO |
||
| 100 | _aShoemaker, Pamela J. | ||
| 245 |
_aNews around the world _b Content, Practitioners and the Public _cPamela J. Shoemaker and Akiba A. Cohen |
||
| 260 |
_aNew York and London _bRoutledge _c2005 |
||
| 300 | _ax,409p | ||
| 504 | _aIncludes references and index | ||
| 630 | _aMedia Studies | ||
| 650 | _aMass Communication Theory | ||
| 651 | _aJournalism | ||
| 700 | _aCohen, Akiba A. | ||
| 850 | _aLCLIB | ||
| 942 | _cBK | ||
| 999 |
_c17996 _d68475 |
||